| 000 | 00413nam a2200169Ia 4500 | ||
|---|---|---|---|
| 008 | 230711s9999||||xx |||||||||||||| ||und|| | ||
| 020 | _a978-81-317-0240-6 | ||
| 041 | _aENG | ||
| 082 |
_a658.401 _bSU-E |
||
| 100 | _aSumner,Mary | ||
| 245 | 0 | _aEnterprise resource planning | |
| 250 | _a1st . Ed. | ||
| 260 |
_c2006 _aNew Delhi _bPearson |
||
| 300 | _a185p. | ||
| 650 | _aUNIVESITY BUSNIESS SCHOOL | ||
| 942 | _cBK | ||
| 999 |
_c6006 _d6006 |
||